| 000 | 00469nam a2200133 4500 | ||
|---|---|---|---|
| 999 |
_c14299 _d14299 |
||
| 008 | 190910b ||||| |||| 00| 0 eng d | ||
| 082 | _aDPer 050 T48 Apr-June 2016 v. 187 n. 12-24 | ||
| 100 |
_939494 _aVella, Matt. |
||
| 245 |
_aMicrosoft's linkedin buy proves social media is graying/ _cMatt Vella. |
||
| 260 |
_aHong Kong: _bTime Asia, _cc2016. |
||
| 300 |
_av187 n24, page 10: _billustrations; _c27 cm. |
||
| 650 |
_aBusiness _xOnline network. _940182 |
||
| 942 |
_2ddc _cPER |
||